| 000 | 01052nam a2200205 a 4500 | ||
|---|---|---|---|
| 001 | 001176420 | ||
| 003 | AM-YeHGA | ||
| 005 | 20250617152658.0 | ||
| 008 | 160919s1977 ||| r 000 0 rus d | ||
| 040 | _aAM-YeHGA | ||
| 041 | 0 | _arus | |
| 245 | 0 | 0 |
_aМагнитные сердечники запоминающих устройств матричного типа, работающих по принципу совпадения токов, с номинальным отношением выработки 2:1, и запоминающих устройств с линейной выборкой / _cОтв. ред. И.Е. Гаген и др. |
| 250 | _a1-е, изд. | ||
| 260 |
_aЖенева : _bКомит. по участию СССР в Междунар. энерг. объединениях, _c1977. |
||
| 300 |
_a32 с. : _bил. |
||
| 440 | 0 |
_aСтандарт МЭК _vПубл. 281 |
|
| 653 | 0 | _aЭлектротехника - Нормативные материалы | |
| 700 | 1 |
_aГаген, И.Е. _eред. _4edt |
|
| 090 | _c377422 | ||
| 999 |
_c375535 _d375535 |
||